Intertemporal Approach to the Balance of Payment: Case of Slovak Republic and Slovenia

Gespeichert in:
Bibliographische Detailangaben
1. Verfasser: Vojtková, Mária
Format: Buchkapitel
Sprache:Englisch
Schlagworte:
Tags: Tag hinzufügen
Keine Tags, Fügen Sie das erste Tag hinzu!

MARC

LEADER 00000naa$a2200000$$$4500
001 0161024
005 20240506132206.4
041 0 |a eng 
044 |a HR 
245 1 0 |a Intertemporal Approach to the Balance of Payment: Case of Slovak Republic and Slovenia  |c Mária Vojtková 
500 |a Abstrakt 
610 2 0 |a bilancia platobná 
610 2 0 |a modely 
610 2 0 |a Slovensko 
610 2 0 |a Slovinsko 
100 1 |a Vojtková, Mária